KOHA-Header-6

The Effects of Father's Absence On The Academic Achievement Of Children (Record no. 6173)

000 -LEADER
fixed length control field 00309nam a2200109Ia 4500
008 - FIXED-LENGTH DATA ELEMENTS--GENERAL INFORMATION
fixed length control field 190906s9999||||xx |||||||||||||| ||und||
100 ## - MAIN ENTRY--PERSONAL NAME
Personal name Afifa Khatoon
245 #4 - TITLE STATEMENT
Title The Effects of Father's Absence On The Academic Achievement Of Children
260 ## - PUBLICATION, DISTRIBUTION, ETC. (IMPRINT)
Place of publication, distribution, etc Dhaka
Name of publisher, distributor, etc Memorial Trust
Date of publication, distribution, etc 1995
300 ## - PHYSICAL DESCRIPTION
Extent 366
942 ## - ADDED ENTRY ELEMENTS (KOHA)
Koha item type Books
Holdings
Withdrawn status Lost status Source of classification or shelving scheme Damaged status Not for loan Collection code Permanent Location Current Location Shelving location Date acquired Full call number Barcode Date last seen Price effective from Koha item type
          English Literature MAJU MAJU Shelf No.A15 2019-09-06 616.994 5550 2019-09-06 2019-09-06 English Literature

Powered by Koha